Gold placers of California /

Bibliographic Details
Main Author: Haley, Charles Scott
Format: Book
Language:English
Published: Sacramento : California state printing off, 1923.
Series:Bulletin (California State Mining Bureau) ; no. 92.
Subjects:

MARC

Tag First Indicator Second Indicator Subfields
LEADER 00000cam a2200000 4500
001 in00000094944
005 20150927110609.0
008 770628s1923 cau 00000 eng c
010 |a gs 24000106  
035 |a (OCoLC)03080130 
035 |9 AAL6821AM 
040 |a United States Geological Survey Library  |c IQU  |d TXA  |d UtOrBLW 
049 |a TXAM  |c [54752] 
050 0 0 |a TN24.C2  |b A3 no. 92 
100 1 |a Haley, Charles Scott. 
245 1 0 |a Gold placers of California /  |c by Charles Scott Haley. 
264 1 |a Sacramento :  |b California state printing off,  |c 1923. 
300 |a 1 page ., 167 pages :  |b illustrations, folded maps, folded chart, tables. ;  |c 24 cm. 
336 |a text  |b txt  |2 rdacontent 
337 |a unmediated  |b n  |2 rdamedia 
338 |a volume  |b nc  |2 rdacarrier 
490 1 |a California. State Mining Bureau. Bulletin ;  |v no. 92 
500 |a Map and chart folded in pocket. 
504 |a Bibliography: pages 160-162. 
650 0 |a Gold mines and mining  |z California. 
830 0 |a Bulletin (California State Mining Bureau) ;  |v no. 92. 
999 |a MARS 
999 f f |s 6409c198-79a1-3dff-a3da-c0e5c56d3b9e  |i dd9a1b81-de23-329c-8598-4bdb7b7a943d  |t 0 
952 f f |p ric  |a Texas A&M University  |b Rellis Campus  |c Joint Library Facility  |d Remote Storage  |t 0  |e TN24.C2 A3 no. 92  |h Library of Congress classification  |i unmediated -- volume  |m A14805562703 
998 f f |a TN24.C2 A3 no. 92  |t 0  |l Remote Storage